• 首页
  • 本馆介绍
  • 公告通知
  • 最新文献
  • 馆藏检索
  • 电子资源
  • 读者导购
  • 参考咨询
  • 我的图书馆
  • 登录
  • 详细信息显示
  • 放入我的书架
  • 预约/预借图书
  • 作者相关作品
  • 分类相关作品
  • 丛书相关作品
  • 出版社相关作品

书目信息

  • 表格格式
  • 工作单格式
  • 卡片格式
书名: A dictionary of chemical equations
作者: Editor : Albert F. Gilman, Jr.
分册号:
分册名:
出版地: [S.l. :
 
出版社: s.n.]
出版时间: 1956[reprint].
页数: 719 p.
开本:
丛书名:
中图分类号:
科图分类号:
其他分类号: O6-041
主题词:
电子资源:
000 00603nam 22000217n 450
001 0200090238
005 20070305142745.96
008 991231m1956 u y d 000 0
020    @cCNY2.80.
041    @aeng
050    @aQD65@b.G5 1956
090    @aO6-61
090    @aO6-041
099    @dO6-041@ex15
100 1  @aGilman@cAlbert F.@q(Albert Franklin),@d1900-
245 10 @aA dictionary of chemical equations / @cEditor : Albert F. Gilman, Jr.
260 1  @a[S.l. :@bs.n.],@c1956[reprint].
300    @a719 p.
500    @aPhotolitho.
650  4 @aChemical reactions.
650  4 @aChemical equations.
    
    A dictionary of chemical equations / / Editor : Albert F. Gilman, Jr.-[S.l. : : s.n.], , 1956[reprint].
    719 p.
    Photolitho.
    
    ISBN CNY2.80.
    
●
相关链接 在E读中查询图书 在五车中查询图书 在当当中查询图书 在豆瓣中查询图书


正题名:A dictionary of chemical equations     索取号:O6-041/x15         预约/预借

序号 登录号 条形码 馆藏地/架位号 状态 备注
1 1827   300000344   第四借阅区/ [索取号:O6-041/x15] 在馆    
唐山师范学院图书馆 欢迎您!
大连网信软件有限公司© 版权所有